Gender, School And Scoiety/ (Record no. 186269)

MARC details
000 -LEADER
fixed length control field 00710nam a22002057a 4500
005 - DATE AND TIME OF LATEST TRANSACTION
control field 20220221113234.0
010 ## - LCCN (DPL NO)
LC control number ENG-131702
020 ## - INTERNATIONAL STANDARD BOOK NUMBER
International Standard Book Number 9788195086085
Terms of availability 250.00
035 ## - SYSTEM CONTROL NUMBER
System control number EN-115234
037 ## - SOURCE OF ACQUISITION
Source of stock number/acquisition DBAD
082 ## - DEWEY DECIMAL CLASSIFICATION NUMBER
Classification number 370.822
100 ## - MAIN ENTRY--PERSONAL NAME
Personal name Reddy, P. Janardhana Kumar
245 ## - TITLE STATEMENT
Title Gender, School And Scoiety/
Statement of responsibility, etc P. Janardhana Kumar Reddy, J. Loganayagi and S. Vinothkumar
260 ## - PUBLICATION, DISTRIBUTION, ETC. (IMPRINT)
Place of publication, distribution, etc Viluppuram
Name of publisher, distributor, etc Masivan Pathippagam
Date of publication, distribution, etc 2021
270 ## - ADDRESS
Address 3/199, A. Gudalur (New Street), Ayadur Post, Kandachipuram (TK)
City Viluppuram
Postal code 605755
Electronic mail address editor@masivanpathippagam.com
300 ## - PHYSICAL DESCRIPTION
Extent 173p.
Dimensions 24cm(pbk)
700 ## - ADDED ENTRY--PERSONAL NAME
Personal name Loganayagi, J.
700 ## - ADDED ENTRY--PERSONAL NAME
Personal name Vinothkumar, S.
942 ## - ADDED ENTRY ELEMENTS (KOHA)
Source of classification or shelving scheme Dewey Decimal Classification
Item type English Books
Classification part 370.822
Call number suffix RED
Holdings
Withdrawn status Lost status Not for loan Collection code Home library Current library Date acquired Source of acquisition Cost, normal purchase price Full call number Barcode Copy number Cost, replacement price Koha item type
      Non-fiction Bawana Bawana 21/02/2022 DBAD/PUB 250.00 370.822 RED EN-115234 1 250.00 English Books

© Delhi Public Library
Hit Counter
free hit counter